| 000 | 00656nam a2200193 4500 | ||
|---|---|---|---|
| 008 | b fr fre u | ||
| 040 | _aLB-BrCRDP | ||
| 082 | 1 |
_a553.7 _bTav |
|
| 100 | 1 | _aTavernier, Raymond, | |
| 245 | 1 | 2 |
_aL'eau , L'air , le temps qu'il fait _bGuides du maître, Raymond Tavernier _cRaymond, Tavernier |
| 260 |
_aParis _bBordas pédagogie |
||
| 490 | 0 | _acollection R. tavernier | |
| 650 | 4 | _aEnseignement | |
| 630 | 4 | _aguide pédagogique | |
| 650 | 4 | _aActivités en sciences physiques à l'école élémentaire. | |
| 630 | 4 | _aL'eau , l'air, le temps qu'il fait | |
| 942 | _cBK | ||
| 999 |
_c7109 _d7109 |
||